000 00997cam a2200217 4500
001 WB3840-06
008 021030n2002 000 0 eng u
035 _a(Sirsi) u120314
245 _aSo who is really to blame?
260 _c2002
490 _aEstates Gazette
_v (0243) 26 October 2002, 201(1)
520 _aExamines House of Lords consideration of right to recover contributions for 'same damage' from multiple parties, in "Royal Brompton Hospital NHS Trust v Hammond (No 3)" [2002] UKHL 14; [2002] 1 WLR 1397. Argues that contributions require proof of liability for 'same damage', and that architects and contractors do not necessarily cause same damage.
590 _aWB
650 _aCO-OPERATIVE RETAIL SERVICES LTD V TAYLOR YOUNG PARTNERSHIP
650 _aROYAL BROMPTON HOSPITAL NHS TRUST V HAMMOND AND OTHERS
650 _aCIVIL LIABILITY (CONTRIBUTION) ACT 1978
650 _aDAMAGES
650 _aLIQUIDATED DAMAGES
690 _aDispute resolution
_96236
942 _n0
999 _c71480
_d71480